000 01014nam a2200313 i 4500
001 1334
003 KOSZ 005
005 20200820114017.0
008 000728s1979 pl a f f |001 0 pol
015 _aPB 1979/4228
020 _a8320400198
035 _a(OCoLC)749155510
040 _aWA N
_cWA N
_dKOSZ 005/EG
041 0 _apol
046 _k1979
080 _a535.8
080 _a681.7
100 1 _aChalecki, Janusz.
_eAutor
245 1 0 _aPrzyrządy optyczne :
_bkonstrukcja mechanizmów /
_cJanusz Chalecki.
260 _aWarszawa :
_bWydawnictwa Naukowo-Techniczne,
_c1979.
300 _a339, [1] s., [1] k. tabl. :
_bil., tab., wykr. ;
_c25 cm.
380 _aKsiążki.
504 _aBibliogr. s. 334-335. - Indeks.
658 _aInżynieria i technika
650 4 _aUrządzenia optyczne
710 2 _aWydawnictwa Naukowo-Techniczne
_4pbl.
856 _uhttp://koha.tu.koszalin.pl/cgi-bin/koha/opac-detail.pl?biblionumber=1334
_yKatalog online BPK
942 _2UKD
_cKS
999 _c1334
_d1334